Osiągnięcia w LM według klubów - Statystyki

Ogólne statystyki
  • Ten quiz został rozwiązany 213 razy
  • Średni wynik to 22 z 40
Statystyki odpowiedzi
Zwycieżca II Miejsce Zespół % Poprawnych
13 3 Real Madryt
100%
5 3 FC Barcelona
99%
0 1 Bayer 04 Leverkusen
97%
7 4 AC Milan
94%
6 3 Liverpool
94%
3 2 Manchester United
93%
2 7 Juventus
92%
1 1 Chelsea F.C.
91%
3 2 Inter Mediolan
89%
5 5 Bayern Monachium
88%
1 1 Borussia Dortmund
82%
4 2 Ajax
81%
0 1 Arsenal F.C.
80%
0 3 Atletico Madryt
80%
2 0 FC Porto
80%
0 1 Tottenham Hotspur F.C.
69%
2 5 Benfica
68%
0 2 Valencia CF
60%
0 1 AS Roma
55%
1 0 PSV Eindhoven
53%
1 1 Olympique Marsylia
49%
0 1 AS Monaco
48%
1 1 Celtic
46%
2 0 Nottingham Forest
44%
1 0 Aston Villa F.C.
40%
1 1 Steaua Bukareszt
37%
1 0 Feyenoord Rotterdam
36%
1 0 Crvena zvezda Belgrad
28%
1 1 Hamburger SV
27%
0 1 Leeds United
23%
0 1 ACF Fiorentina
17%
0 1 Borussia Mönchengladbach
16%
0 1 Eintracht Frankfurt
15%
0 1 Malmo FF
15%
0 1 Panathinaikos Ateny
14%
0 1 AS Saint-Etienne
13%
0 1 Sampdoria Genua
13%
0 1 Partizan Belgrad
12%
0 1 Club Brugge
8%
0 2 Stade de Reims
5%
Nie znaleziono quizów pasujących do podanych kryteriów
Rozkład punktacji
Procent ludzi z każdym wynikiem
Percentyl według liczby udzielonych odpowiedzi
Twoja historia wyników
Nie rozwiązałeś tego quizu